|
|
|
|
| LEADER |
00725nam a2200181 i 4500 |
| 001 |
acta62239 |
| 005 |
20211201142708.0 |
| 008 |
190910s2019 hu o 0|| hun d |
| 022 |
|
|
|a 2064-809X
|
| 040 |
|
|
|a SZTE Egyetemi Kiadványok Repozitórium
|b hun
|
| 041 |
|
|
|a hun
|
| 245 |
0 |
0 |
|a Móra Akadémia
|h [elektronikus dokumentum] :
|b szakkollégiumi tanulmánykötet 7.
|
| 260 |
|
|
|c 2019
|
| 300 |
|
|
|a 323
|
| 490 |
0 |
|
|a Móra Akadémia
|v 7
|
| 695 |
|
|
|a Természettudomány - tanulmányok, Közgazdaságtudomány - tanulmányok, Orvostudomány - tanulmányok, Pedagógia - tanulmányok, Irodalomtudomány - tanulmányok
|
| 700 |
0 |
1 |
|a Bíró Gyöngyvér
|
| 856 |
4 |
0 |
|u http://acta.bibl.u-szeged.hu/62239/1/moraakademia_007.pdf
|z Dokumentum-elérés
|